000 00976nam a2200289Ia 4500
001 Para_9411
003 CHAP
008 220125s2008 xx 000 0 und d
010 _a208108
040 _cCHAP
090 _aTESIS 2140
100 _aHerrera Saucedo, María Elena
_954942
245 _aDetección molecular de la palomilla oriental de la fruta Grapholita molesta (Busck) (Lepidóptera :
_btortricidae) /
_c por María Elena Herrera Saucedo
260 _aChapingo, Méx. :
_b el autor
300 _a33 h.
502 _aTesis (Ing. Agr. Esp. en Parasitología Agrícola) -- UACh. Departamento Parasitología Agrícola
650 _aFruta
_x plagas
_943646
650 _aGrapholita molesta
_9174502
710 _aUACh. Departamento Parasitología Agrícola
_9164025
901 _aTESIS 2140
902 _aM
905 _a0000002008 amn 0000000000 00
910 _a2008
942 _cPARA
942 _cPARA
_d2
999 _c208108
_d208108